00470nam a22001577a 450000500170000001000170001702000260003403500170006003700150007708200140009210000210010624500740012726000400020127000500024130000210029120180424140132.0 aB-691587-588 c950.00a9788182205345 aB-691587-588 bR.K.Books  a361.30954 aKaushik, Archana aWelfare and development administration in India /cby Archana Kaushik aNew DelhibGlobal Vision Pub.c2013 a5 Ansari Road, Darayaganj bNew Delhie110002 a992p.c23cm(pbk)